| 000 | 00380nam a2200157Ia 4500 | ||
|---|---|---|---|
| 008 | 221030s9999 xx 000 0 und d | ||
| 020 | _a8170080711 | ||
| 041 | _aEnglish | ||
| 082 |
_a105.23 _bBan |
||
| 100 | _aR. K. Bansal | ||
| 245 | 0 |
_aEngineering Mechanics _cby R. K. Bansal |
|
| 260 |
_bLaxmi Pub _aNew Delhi _c2001 |
||
| 300 | _a743 | ||
| 650 | _aBB Mechanics | ||
| 942 | _cBK | ||
| 999 |
_c1158 _d1158 |
||